MARC details
| 000 -CABECERA |
| campo de control de longitud fija |
01147cam a2200289 a 4500 |
| 001 - NÚMERO DE CONTROL |
| campo de control |
000014525 |
| 005 - FECHA Y HORA DE LA ÚLTIMA TRANSACCIÓN |
| campo de control |
20200929163850.0 |
| 008 - DATOS DE LONGITUD FIJA--INFORMACIÓN GENERAL |
| campo de control de longitud fija |
920819s1992 ck a b 000 0 spa |
| 020 ## - NÚMERO INTERNACIONAL ESTÁNDAR DEL LIBRO |
| Número Internacional Estándar del Libro |
9589057241 |
| 035 ## - NÚMERO DE CONTROL DEL SISTEMA |
| Número de control de sistema |
(DLC) 92202425 |
| 040 ## - FUENTE DE LA CATALOGACIÓN |
| Centro catalogador/agencia de origen |
DO-SdBNP |
| Lengua de catalogación |
spa |
| Centro/agencia transcriptor |
BNPHU |
| 082 ## - NÚMERO DE LA CLASIFICACIÓN DECIMAL DEWEY |
| Número de clasificación |
305.4098 |
| Número de documento/Ítem |
B516h |
| 049 ## - FONDOS LOCALES (OCLC) |
| Fondos de biblioteca |
BNGR |
| 100 1# - ENTRADA PRINCIPAL--NOMBRE DE PERSONA |
| Nombre de persona |
Bermúdez Q., Suzy. |
| 9 (RLIN) |
32860 |
| 245 10 - MENCIÓN DE TÍTULO |
| Título |
Hijas, esposas y amantes : |
| Resto del título |
género, clase, etnia y edad en la historia de América Latina / |
| Mención de responsabilidad, etc. |
Suzy Bermúdez Q. ; prólogos Jaime Jaramillo Uribe y María Consuelo Cárdenas de Sanz de Santamaría. |
| 260 ## - PUBLICACIÓN, DISTRIBUCIÓN, ETC. |
| Lugar de publicación, distribución, etc. |
Santafé de Bogotá : |
| Nombre del editor, distribuidor, etc. |
Uniandes, |
| Fecha de publicación, distribución, etc. |
1992. |
| 300 ## - DESCRIPCIÓN FÍSICA |
| Extensión |
vii, 186 p. : |
| Otras características físicas |
il. ; |
| Dimensiones |
21 cm. |
| 490 1# - MENCIÓN DE SERIE |
| Mención de serie |
La flor y el colibrí |
| 500 ## - NOTA GENERAL |
| Nota general |
Segunda impresión, 1994. |
| 504 ## - NOTA DE BIBLIOGRAFÍA, ETC. |
| Nota de bibliografía, etc. |
Incluye bibliografía: (p. 180-185). |
| 650 #4 - PUNTO DE ACCESO ADICIONAL DE MATERIA--TÉRMINO DE MATERIA |
| Término de materia o nombre geográfico como elemento de entrada |
Mujeres |
| Subdivisión geográfica |
América Latina |
| Subdivisión general |
Historia |
| 9 (RLIN) |
32861 |
| 650 #4 - PUNTO DE ACCESO ADICIONAL DE MATERIA--TÉRMINO DE MATERIA |
| Término de materia o nombre geográfico como elemento de entrada |
Mujeres |
| Subdivisión geográfica |
América Latina |
| Subdivisión general |
Condiciones sociales |
| 9 (RLIN) |
32862 |
| 700 1# - PUNTO DE ACCESO ADICIONAL--NOMBRE DE PERSONA |
| Nombre de persona |
Jaramillo Uribe, Jaime, |
| Término indicativo de función/relación |
pról. |
| 9 (RLIN) |
32863 |
| 700 1# - PUNTO DE ACCESO ADICIONAL--NOMBRE DE PERSONA |
| Nombre de persona |
Cárdenas de Sanz de Santamaría, María Consuelo, |
| Término indicativo de función/relación |
pról. |
| 9 (RLIN) |
32864 |
| 830 #0 - PUNTO DE ACCESO ADICIONAL DE SERIE-TÍTULO UNIFORME |
| Título uniforme |
La flor y el colibrí |
| 9 (RLIN) |
32865 |
| 910 ## - DATOS DE OPCIÓN DEL USUARIO (OCLC) |
| Datos de opción del usuario |
Catalogación derivada |